000 00490nam a22001697a 4500
003 MPLRDC
005 20220104125745.0
008 210129b ||||| |||| 00| 0 eng d
082 _a524.9175 DZ 1975-1985
100 _a董总出版小组编辑
245 _a初中数学: 历届试题集
_c
260 _a
_b马来西亚华校董事联合
_c1986
300 _b
490 _a马来西亚华文独中统考
650 _a中等教育--初中数学
942 _cBK
_o524.9175 DZ 1975-1985
999 _c29894
_d29884